Регионална библиотека "Любен Каравелов" - Русе

Живот на длан (Запис номер 165886)

MARC детайли
000 -Лидер
Контролно поле с фиксирана дължина 02030nam a2200433 c 4500
003 - Код на организацията, давaща контролен номер
Контролно поле BLK
005 - Дата и час на последна редакция
Контролно поле 20181008090317.0
008 - Елементи от данни с фиксирана дължина
fixed length control field 180410b bul|||||r ||||||| ||bul||
010 ## - Наследен системен номер
LC control number KNG00173533000
020 ## - Международен стандартен номер на книга ISBN
Международен стандартен номер на книга ISBN 978-954-09-09-0883-0
-- издат.: Захарий Стоянов - (подв.)
040 ## - Източник на каталожния запис
Идентификатор на билиотеката - собственик на записа BLK
041 ## - Код за език
Код за езика на текст/звукозапис или на отделно заглавие Български
Код за езика КДБФ Български
072 #7 - Код за тематичната категория
Код организация bullib
Код за тематична категория Н32
Текст Политика Н
080 ## - УДК
Текстов определител УДК Вътрешна политика. Вж и 329
УДК код - определител по УДК 323
УДК определител (497.2)(092)(093.3)
УДК - код + определител 323(497.2)(092)(093.3)
080 ## - УДК
Текстов определител УДК Комунистически партии. Вж и 327.323
УДК код - определител по УДК 329.15
УДК определител (497.2)БКП(092)(093.3)
УДК - код + определител 329.15(497.2)БКП(092)(093.3)
080 ## - УДК
Текстов определител УДК Български художник-живописец (1960-
УДК код - определител по УДК 929 Йорданов, Георги
УДК определител
УДК - код + определител 929 Йорданов, Георги
139 ## - Редно поле
Редна дума Живот на длан
Авторски знак Иорд - И 83
245 10 - Сведения за заглавието
Заглавие Живот на длан
Подзаглавни данни Думи за Георги Йорданов : Сб.
250 ## - Област на изданието
Сведения за изданието 2. доп. изд.
257 ## - Страна на издаване
Страна на създаване/издаване България
260 ## - Област на издателските данни
-- София
Име на издателя, разпространителя и проч. Захарий Стоянов
Година на издаване 2014
Печатница София : Лито Балкан
300 ## - Физическа характеристика
Страници 599 с., 40 л.
Илюстрации и др. сн.
Размери/Мащаб 25 см
380 ## - Жанр
Жанр Обществени науки
500 ## - Общи забележки
Забележка 1. изд. 2009 на изд. Захарий Стоянов и Унив. изд. Св. Кл. Охридски. - Пълното име на Г. Йорданов е Георги Йорданов Момчев. - Съдържа и Биографична справка.
600 14 - Име на лице, използвано като предмет
За него / За нея Йорданов, Георги
9 (RLIN) 369522
650 #4 - Допълнително описание по предмет – тема
Основно описание – тема или топоним Йорданов, Георги
9 (RLIN) 369522
650 #4 - Допълнително описание по предмет – тема
Основно описание – тема или топоним Политици, български - спомени
9 (RLIN) 247072
650 #4 - Допълнително описание по предмет – тема
Основно описание – тема или топоним БКП - дейци - спомени
9 (RLIN) 241772
653 ## - Ключова дума – ненормативна
Ключова дума Георги Йорданов
653 ## - Ключова дума – ненормативна
Ключова дума български политици
653 ## - Ключова дума – ненормативна
Ключова дума БКП
653 ## - Ключова дума – ненормативна
Ключова дума спомени
659 ## - Тематичен бюлетин
Тематичен бюлетин Н
852 ## - Местоположение
Форматна сигнатура Цб 273484
856 4# - Електронен адрес и достъп
Електронен формат pdf - файл
Път до файла /url/
856 4# - Електронен адрес и достъп
Електронен формат pdf - файл
Път до файла /url/
942 ## - АРТИКУЛИ
Вид на библиотечния материал Книги
Скрит в OPAC Не
Koha issues (borrowed), all copies 1
944 ## - СЪЗДАВАНЕ И РЕДАКЦИЯ на ЗАПИСА
Създаване/Редакция Създаване
Дата на регистрацията/редакция 27.03.2015
Статус, дата на статуса ф /
Служител, извършил регистрацията/редакцията Виолета_Тройчева
944 ## - СЪЗДАВАНЕ И РЕДАКЦИЯ на ЗАПИСА
Създаване/Редакция Редакция
Дата на регистрацията/редакция 25.09.2015
Статус, дата на статуса ф /
Служител, извършил регистрацията/редакцията Пенка_Димитрова
999 ## - СИСТЕМНИ КОНТРОЛНИ НОМЕРА
Koha biblionumber 165886
Koha biblioitemnumber 165886
Наличности
Код за отписване Код за изгубен артикул Код за повреда Коз за рестрикции Код за отдаване Артикулен № Име на библиотеката - собственик Име на библиотеката, в която се намира в момента Статус (Текущо местоположение) Дата на вписване в системата Местоположение - отдел Цена в лева Инвентарен номер Систематично азбучна сигнатура Баркод Номер на екземпляра Цена в евро Служебна бележка Служебен тип на артикула
  Не е изгубен Не е повреден без рестрикции заемане за дома 279690 Регионална библиотека "Любен Каравелов" Русе Регионална библиотека "Любен Каравелов" Русе Заемна - подръчен фонд 2015-03-30 Заемна - подръчен фонд 18.00 120000786723 П 323(497.2)(092)/И 83 120000786723 1 9.20 Дост: Pk Вид: Ф N: 430 Дата: 24.03.2015 Дата инв: 02.02.2018 Бележки инв: П2018 Книги
  Не е изгубен Не е повреден без рестрикции ползва се в читалня 279691 Регионална библиотека "Любен Каравелов" Русе Регионална библиотека "Любен Каравелов" Русе Хранилище 2015-09-24 Хранилище 18.00 120000792899 Цб 273484 120000792899 2 9.20 Дост: Dp Вид: Д N: 29 Дата: 01.07.2015 Книги
Vip Innovations Ltd, Rousse, Bulgaria 2025